LEADER 01645nam a2200373 a 4500 001 000000124407 003 CaOOAMICUS 005 20110218175254.0 008 110218s2010 it u000 u ita r 020 $a978-88-15-13957-3 040 $aPUL$bita 082 04$a327.1 100 1 $aDe Guttry, Andrea.$0(OLS)http://pul/name/78572 245 13$aLe Nazioni Unite :$bsviluppo e riforma del sistema di sicurezza collettiva /$cAndrea De Guttry ; Fabrizio Pagani. 260 $aBologna :$bIl Mulino,$c2010. 300 $a255 p. ;$c21 cm. 490 1 $aUniversale paperbacks Il Mulino ;$v487 504 $aInclude riferimenti bibliografici (p. 243-255) ed indice. 610 24$aUnited Nations.$0(OLS)http://pul/subject/28654 650 4$aSicurezza internazionale.$0(OLS)http://pul/subject/29521 700 1 $aPagani, Fabrizio.$0(OLS)http://pul/name/78573 830 0$aUniversale paperbacks Il Mulino ;$v487.$0(OLS)http://pul/title/190 850 $aPUL 852 $aPUL$W1$xSL Diritto e Scienze Sociali 3$y79$m327. 1 DEGAN 1$j143211$qDDC 21$B142247$CPULBib$Z2$F142247 $H115645 $82 941 1 $a9 960 $aUnited Nations Organisation$928654 960 $aNazioni Unite$928654 960 $aOrganizzazione delle Nazioni Unite$928654 960 $aONU$928654 996 $6020$a978-88-15-13957-3$9(OLS)http://pul/number/146422 996 $6082$a327.1$9(OLS)http://pul/classification/598 996 $6245$aLe Nazioni Unite :$bsviluppo e riforma del sistema di sicurezza collettiva$9(OLS)http://pul/title/156819 996 $6260$aBologna :$bIl Mulino$9(OLS)http://pul/publisher/47928 LEADER 01694nam a2200373 a 4500 001 000000140967 003 CaOOAMICUS 005 20160322105706.0 008 141217s2014 it u000 u ita r 020 $a978-88-514-1367-5 032 $aLibriCat 040 $aPUL$bita 082 04$a262.91 110 2 $aPapi (2013-2025 : Franciscus).$0(OLS)http://pul/name/86910 245 10$aEvangelii gaudium :$btesto integrale e commento de "La Civiltā Cattolica" /$cFrancesco ; prefazione di Antonio Spadaro. 260 $aMilano :$bĀncora,$cŠ2014$aRoma :$bLa Civiltā Cattolica 300 $a256 p. ;$c21 cm 490 1 $aCrocevia 504 $aBibliografia in nota. 610 24$aPapi (2013-2025 : Franciscus)$tEvangelii Gaudium.$0(OLS)http://pul/subject/41351 650 4$aEvangelizzazione$ySec. XXI.$0(OLS)http://pul/subject/27584 700 1 $aSpadaro, Antonio,$cS.I.,$d1966-$0(OLS)http://pul/name/68245 830 0$aCrocevia.$0(OLS)http://pul/title/178365 850 $aPUL 852 $aPUL$W1$xSL Diritto Canonico 3$y77$m262. 91 FRANC 1$j162739$qDDC 21$q $B162388$CPULBib$Z2$F162388 $H125088 $81 900 $aFranciscus PP.,$d1936-2025$986910 900 $aFranciscus PP.,$d1936-2025$986910 941 1 $a9 996 $6020$a978-88-514-1367-5$9(OLS)http://pul/number/156584 996 $6082$a262.91$9(OLS)http://pul/classification/1668 996 $6245$aEvangelii gaudium :$btesto integrale e commento de "La Civiltā Cattolica"$9(OLS)http://pul/title/178364 996 $6260$aMilano :$bĀncora$9(OLS)http://pul/publisher/53070 996 $6260$aRoma :$bLa Civiltā Cattolica$9(OLS)http://pul/publisher/50881